Quizzes
Events
Quiz Creation
Community
Videos
Private Events
Remove Ads
Sign In
Join for FREE
Feedback
Dark Mode
Quiz Categories
Sports
Geography
Music
Movies
Television
Just For Fun
Miscellaneous
History
Literature
Language
Science
Gaming
Entertainment
Religion
Holiday
For Kids
Quiz Lab
Recent
Popular Today
Quiz Kudos Today
Editor Picks
Curator Picks
Quizzes by...
Day
Popularity
Type
Ratings
Length
Year
Community
Subscriptions
Recent Discussions
Orange Saloon
Badges
Playlists
Quests
Create
Leaderboards
Showdown
Live 5
Trivia Bingo
Activity
Puzzle Library
Sporcle Events
Private Events
Virtual Trivia
Globe League
Become a Host
Pub Owners
SporcleCon
Opinionation
Our Games
Videos
Blog
Mobile Apps
Partnerships
Remove Ads and Go Orange
Feedback
Sports
Athletes
MLB
NBA
NHL
NFL
Soccer
Sports Teams
WWE
NCAA
Football
Premier League
Basketball
Baseball
Hockey
Golf
Tennis
Cricket
Rugby
Auto Racing
Olympics
World Cup
Sports
Athletes
MLB
NBA
NHL
NFL
Soccer
Sports Teams
WWE
NCAA
Football
Premier League
Basketball
Baseball
Hockey
Golf
Tennis
Cricket
Rugby
Auto Racing
Olympics
World Cup
Random Quiz
Search Sporcle
×
Quiz Lab
Quiz Lab
Sports
least
Type in answers that appear in a list
Type in answers that appear in a list
Classic
Best Score? Go Orange.
Euro 2012 Qualifying Players - Germany Stats
Can you name the players who played at least one game in the Euro 2012 qualifying for Germany?
By
Markovic
8m
29 Questions
156 Plays
156 Plays
156 Plays
Comments
Comments
Give Quiz Kudos
Give Quiz Kudos
-
- Ratings
hide this ad
Replay
Link that replays current quiz
Next Quiz
Link to next quiz in quiz playlist
You Got
0%
They Got
Avg Score
65%
Avg Friend Score
Upgrade to see
Score Distribution
Jump to the score distribution portion of the page
Score
0/29
Timer
08:00
0
Plays Today
Position
Player
% Correct
GK
Manuel Neuer
98.7%
DF
Philipp Lahm
96.8%
ST
Miroslav Klose
96.2%
MF
Mesut Özil
94.9%
MF
Bastian Schweinsteiger
94.9%
ST
Mario Gomez
94.9%
ST
Lukas Podolski
89.1%
ST
Thomas Müller
88.5%
MF
Sami Khedira
87.2%
DF
Per Mertesacker
84.6%
DF
Jerome Boateng
82.7%
DF
Holger Badstuber
82.1%
DF
Mats Hummels
80.8%
MF
Mario Götze
77.6%
MF
Toni Kroos
73.1%
Position
Player
% Correct
MF
Marko Reus
57.7%
ST
Cacau
57.7%
DF
Benedikt Höwedes
50.6%
ST
Andre Schürrle
50%
DF
Arne Friedrich
48.7%
DF
Marcel Schmelzer
48.1%
DF
Marcell Jansen
44.2%
DF
Dennis Aogo
42.3%
MF
Marko Marin
42.3%
MF
Ilkay Gündogan
39.1%
DF
Heiko Westermann
30.1%
MF
Christian Träsch
24.4%
MF
Lewis Holtby
19.2%
DF
Sascha Riether
12.2%
Quiz Playlist
Details
Report
Send in Message
Add To Playlist
Classic:
Type in answers that appear in a list
Quiz Source
Last Updated: May 8, 2021
Quiz Scoreboard
CHALLENGE
Sign Up to Join the Scoreboard
Show All
Scores
Hide
Comments
May contain spoilers
Recently Published
Street Fighter Characters
by Artimus82
Gaming
60s
9x9 Crossword: Cartoon Network
by jackfrog10
Miscellaneous
3m
College Basketball Coaching Resumes
by pancakes188
Sports
9m
More to Explore
Quiz From the Vault
Featured Blog Post
Where Did the Easter Bunny Come From?
hide this ad
You Might Also Like...
Tags
2012
Euro 2012
Germany
least
Player
Qualifying
Today's Top Quizzes in Sports
Browse Sports
hide this ad
Today's Top Quizzes in least
Browse least
Top Contributed Quizzes in Sports
1
2022 World Cup Stars
2
Les meilleurs buteurs des matchs entre le PSG et l’OM
3
FIFA Club World Cup Champions
4
Les entraîneurs de l'OM et du PSG au 21e siècle
5
Criteria MLB: Left Handed Sluggers
6
2023 MLB Unique Player Accomplishments
7
AFC Teams Reveal (Wrong Answers Minefield)
8
Players with Multiple 50 Home Run Seasons
9
5-to-1: FBS Animal Nicknames
10
5-to-1: UK Sports Teams
Explore More
Trending Topics
Crossword
Harry Potter
NBA
Anime
Kpop
Disney
Marvel
Soccer
Puzzle
NFL
WWE
The Office
Song
Pokémon
Country
hide this ad
More By:
Markovic
Quiz
Plays
Rating
Category
Featured
Created
Countries Ending in 'E'
218,423
4.50
Geography
Oct 29, 2009
Second 'O' Countries
179,124
4.37
Geography
Mar 29, 2010
Highest Life Expectancy (Asia)
61,449
4.35
Geography
Oct 28, 2009
European Countries by Surnames
13,088
4.57
Geography
Sep 11, 2010
Euro 2016 Nations by youngest Player
8,179
4.72
Sports
Jun 1, 2016
Go to Creator's Profile
Score Distribution
Quiz Creator Spotlight
Markovic
Follow
Send a Message
Quizzes Created
-
Created Quiz Play Count
-
More By This Creator
Popular Quizzes Today
1
Find the US States - No Outlines Minefield
2
Find the Countries of Europe - No Outlines Minefield
3
The Countries of the World
4
Find the US States
5
Risky Map Clicking: Biggest States A-Z
6
US States
7
Popular People in 1961
8
Movies - When Are They Set?
More Sports Quizzes
Grand Prix Countries
Quiz Lab
Trending Quizzes
Risky Map Clicking: Least Populous States A-Z
1-10 Letter G Words
Risky Map Clicking: Next State Alphabetically
Adjectives in 80s TV Shows
The Seven Year Switch: Catherine
Recently Updated
Leaping Animals
pecheneg
Reality TV Shows (A-Z)
bhenderson79
Rickey Henderson's Hall of Fame Teammates
pecheneg
Champions League XIs: Arsenal
pecheneg
Quick Pick: Celebrities in WWE's Hall of Fame
aduchscher
A-Z Keypad Blitz II
pecheneg
Multiple Oscar Actors
pecheneg
Mystery Phrase Blitz: Oscar 'Best Actors'
pecheneg
F. Scott Fitzgerald Novels
LTH
Pick 3 Villains
ddd62291
Trending Topics
Disney
NBA
Harry Potter
Kpop
Anime
Crossword
Marvel
Country
Song
Soccer
Puzzle
Pokémon
WWE
NFL
The Office
Your Account Isn't Verified!
In order to create a playlist on Sporcle, you need to verify the email address you used during registration. Go to your
Sporcle Settings
to finish the process.
Report this User
Report this user for behavior that violates our
Community Guidelines
.
Details:
Send Report
Go to the Sporcle.com Mobile Site →
Comments